书目信息 |
| 题名: |
建立你的时间资产
|
|
| 作者: | 奎恩 著 ;路卫军 , 坤伟 译 | |
| 分册: | ||
| 出版信息: | 北京 中国青年出版社 2007 |
|
| 页数: | 153页 | |
| 开本: | 21cm | |
| 丛书名: | 大趋势丛书 | |
| 单 册: | ||
| 中图分类: | C935 | |
| 科图分类: | ||
| 主题词: | 时间--管理 , 时间 | |
| 电子资源: | ||
| ISBN: | 978-7-5006-7683-6 | |
| 000 | 01284oam2 2200325 45 | |
| 001 | 1050876453 | |
| 005 | 20100415105507.54 | |
| 010 | @a978-7-5006-7683-6@dCNY18.00 | |
| 100 | @a20100409d2007 em y0chiy0120 ea | |
| 101 | 1 | @achi@ceng |
| 102 | @aCN@b110000 | |
| 105 | @ay z 000yy | |
| 106 | @ar | |
| 200 | 1 | @a建立你的时间资产@AJian Li Ni De Shi Jian Zi Chan@dOvercoming time poverty@e倍增财富,开创有闲人生的5大法则@EBei Zeng Cai Fu, Kai Chuang You Xian Ren Sheng De 5 Da Fa Ze@f(美) 比尔·奎恩(Bill Quain)著@F( Mei ) Bi Er· Kui En (Bill Quain) Zhu@g路卫军,坤伟译@zeng |
| 205 | @a[修订版] | |
| 210 | @a北京@c中国青年出版社@d2007 | |
| 215 | @a153页@d21cm | |
| 225 | 2 | @a大趋势丛书 |
| 330 | @a本书分为“时间游戏”和“怎样创造有闲人生”两部分,叙述了如何战胜“时间贫穷”,如何更充实地生活,并将这种生活方式传播给其他人。 | |
| 461 | 0 | @12001 @a大趋势丛书 |
| 510 | 1 | @aOvercoming time poverty@zeng |
| 517 | 1 | @a倍增财富,开创有闲人生的5大法则@ABei Zeng Cai Fu, Kai Chuang You Xian Ren Sheng De 5 Da Fa Ze |
| 606 | 0 | @a时间@x管理 |
| 606 | 0 | @a时间 |
| 690 | @aC935@v4 | |
| 701 | 1 | @a奎恩@AKui En@g(Quain, Bill)@4著 |
| 702 | 0 | @a路卫军@ALu Wei Jun@4译 |
| 702 | 0 | @a坤伟@AKun Wei@4译 |
| 801 | 0 | @aCN@bTANGWEI@c20100415 |
| 905 | @b0591324-28@dC935@e421@f5 | |
| 建立你的时间资产=Overcoming time poverty:倍增财富,开创有闲人生的5大法则/(美) 比尔·奎恩(Bill Quain)著/路卫军,坤伟译.-[修订版].-北京:中国青年出版社,2007 |
| 153页;21cm.-(大趋势丛书) |
| ISBN 978-7-5006-7683-6:CNY18.00 |
| 本书分为“时间游戏”和“怎样创造有闲人生”两部分,叙述了如何战胜“时间贫穷”,如何更充实地生活,并将这种生活方式传播给其他人。 |
| ● |
| 相关链接 |
|
|
|
|
正题名:建立你的时间资产
索取号:C935/421
 
预约/预借
| 序号 | 登录号 | 条形码 | 馆藏地/架位号 | 状态 | 备注 |
| 1 | 0591324 | 205913243 | 第一样本阅览室/ [索取号:C935/421] | 在馆 | |
| 2 | 0591325 | 205913252 | 密集书库-海洋学院/ [索取号:C935/421] | 在馆 | |
| 3 | 0591326 | 205913261 | 第一借阅区/ [索取号:C935/421] | 在馆 | |
| 4 | 0591327 | 205913270 | 第一借阅区/ [索取号:C935/421] | 在馆 | |
| 5 | 0591328 | 205913289 | 第一借阅区/ [索取号:C935/421] | 在馆 |